Mạng lưới điện /

Thông số của các phân tử trong mạng và hệ thống điện; Phân tích chế độ xác lập của mạng điện; Chất lượng điện năng và đảm bảo chất lượng điện năng; Chọn tiết diện dây dẫn trong mạng điện; Các giải pháp giảm tổn thất công suất và điện năng....

Full description

Saved in:
Bibliographic Details
Main Author: Nguyễn Văn Đạm.
Format: Book
Language:Vietnamese
Published: Hà Nội : Khoa học và kỹ thuật, 2004.
Edition:In lần thứ 4 có sửa chữa.
Subjects:
Tags: Add Tag
No Tags, Be the first to tag this record!
Institutions: Mạng thư viện Đại học Đà Nẵng
LEADER 01534cam a2200385 a 4500
001 000044142
003 2396
005 20060330082711.0
008 010217b2004 vm 000 vie
020 |c 27000 
040 |a LRC  |c LRC  |d LRC 
041 0 |a vie 
082 1 4 |a 621.319  |b NG-Đ 
100 1 |a Nguyễn Văn Đạm. 
245 1 0 |a Mạng lưới điện /  |c Nguyễn Văn Đạm. 
246 3 4 |a Mạng lưới điện.  |n T.1. 
250 |a In lần thứ 4 có sửa chữa. 
260 |a Hà Nội :  |b Khoa học và kỹ thuật,  |c 2004. 
300 |a 240 tr. :  |b mh. ;  |c 24 cm. 
520 3 |a Thông số của các phân tử trong mạng và hệ thống điện; Phân tích chế độ xác lập của mạng điện; Chất lượng điện năng và đảm bảo chất lượng điện năng; Chọn tiết diện dây dẫn trong mạng điện; Các giải pháp giảm tổn thất công suất và điện năng. 
630 0 4 |a Điện. 
630 0 4 |a Mạng lưới điện. 
650 0 4 |a Hệ thống điện. 
OWN |a DUT 
AVA |a UDN50  |b DUT  |c Book  |d 621.319 NG-Đ  |e check_holdings  |t Error 5003 Not defined in file expand_doc_bib_avail.  |h N  |j SH  |k 1 
999 |a From the UDN01 
AVA |a UDN50  |b DUT  |c Book  |d 621.319 NG-Đ  |e available  |t Error 5001 Not defined in file expand_doc_bib_avail.  |f 11  |g 0  |h N  |i 5  |j SH  |k 1 
TYP |a Monograph 
TYP |a Printed language 
980 |a Mạng thư viện Đại học Đà Nẵng